| 000 | 00791pam a2200265 i 4500 | ||
|---|---|---|---|
| 999 |
_c5202 _d5202 |
||
| 001 | 3665881 | ||
| 003 | GBCCL | ||
| 005 | 20241126110535.0 | ||
| 008 | 770907s1977 nju 000 0 eng | ||
| 010 | _a 77013280 | ||
| 020 |
_a0800708768 : _c$6.95 |
||
| 040 |
_aDLC _cDLC _dDLC |
||
| 043 | _af------ | ||
| 050 | 0 | 0 |
_aBR1360 _b.A57 |
| 082 | 0 | 0 |
_a209.6 _bAND |
| 100 | 0 |
_aAndrew, _cBrother. _99367 |
|
| 245 | 1 | 0 |
_aBattle for Africa / _cBrother Andrew, with Charles Paul Conn. |
| 260 |
_aOld Tappan, N.J. : _bRevell, _cc1977. |
||
| 300 |
_a156 p. ; _c24 cm. |
||
| 650 | 0 |
_aChristianity _zAfrica. _97024 |
|
| 650 | 0 |
_aCommunism and Christianity _zAfrica. _99368 |
|
| 700 | 1 |
_aConn, Charles Paul, _ejoint author. _99369 |
|
| 906 |
_a7 _bcbc _corignew _d1 _eocip _f19 _gy-gencatlg |
||
| 942 |
_2ddc _cBK |
||